[Event "NOR-ch playoff"]
[Site "Oslo"]
[Date "2006.09.21"]
[Round "3"]
[White "Agdestein, Simen"]
[Black "Carlsen, Magnus"]
[Result "0-1"]
[WhiteElo "2575"]
[BlackElo "2675"]
[PlyCount "66"]
[EventDate "2006.09.19"]
[EventType "match"]
[EventRounds "4"]
[EventCountry "NOR"]
[SourceTitle "CBM 115"]
[Source "ChessBase"]
[SourceDate "2006.11.15"]
[SourceVersion "1"]
[SourceVersionDate "2006.11.15"]
[SourceQuality "1"]

1. c4 Nf6 2. Nc3 e5 3. Nf3 Nc6 4. e3 Bb4 5. Nd5 Be7 6. a3 ({RR} 6. d4 d6 ({RR} 6... exd4 7. Nxd4 O-O 8. Be2 Nxd5 9. cxd5 Bb4+ 10. Bd2 Bxd2+ 11. Qxd2 Nxd4 12. Qxd4 d6 13. O-O Re8 14. Rac1 Re7 15. Rc3 Bd7 16. Rfc1 c5 17. dxc6 Bxc6 18. Rd1 Re6 19. Bc4 Qg5 20. Bd5 Rg6) 7. Be2 O-O 8. O-O Bf5 9. Nxe7+ Qxe7 10. d5 Nb8 11. b4 a5 12. b5 Nbd7 13. a4 Nc5 14. Ba3 Nfd7 15. Nd2 h6 16. f3 Bh7 17. Kh1 b6 18. Qe1 Kh8 19. Bd1 Nd3 20. Qe2 Qh4) 6... e4 $146 ({RR} 6... a5 7. b3 O-O 8. Bb2 d6 9. d3 Be6 10. Nxe7+ Qxe7 11. Qc2 Bf5 12. Nh4 Bd7 13. g3 e4 14. dxe4 Qxe4 15. Qxe4 Nxe4 16. Bd3 Nc5 17. Bc2 Ne5 18. O-O Bc6 19. f3 g6 20. Rad1 a4 21. f4 {Sandrin,A-Mickeleit,K Kuortane 1976 0-1}) ({RR} 6... d6 7. b4 ({RR} 7. Qc2 Nxd5 ({RR} 7... Be6 8. Nxe7 Qxe7 9. d3 h6 10. Be2 Bf5 11. O-O e4 12. Nd2 exd3 13. Bxd3 Bxd3 14. Qxd3 a5 15. b3 O-O 16. Bb2 Nd7 17. Ne4 Nc5 18. Qc3 f6 19. Ng3 Ne4 20. Nxe4 Qxe4 21. Rad1 Rfe8) 8. cxd5 Nb8 9. d4 exd4 10. Nxd4 Bf6 11. Nb5 Na6 12. Be2 O-O 13. O-O Bd7 14. Bd2 Bxb5 15. Bxb5 Nc5 16. Rac1 a6 17. Be2 Re8 18. Rfd1 Rc8 19. b4 Nd7 20. Bg4 g6 21. Qa4 Re7) 7... Nxd5 8. cxd5 Nb8 9. Bb2 O-O 10. Qc2 c6 11. d4 exd4 12. Nxd4 cxd5 13. Be2 Bf6 14. Bf3 Be6 15. O-O Bxd4 16. Bxd4 Nc6 17. Rfd1 Rc8 18. Qb2 Qg5 19. Be2 a6 20. Rac1 Qg6 21. Bc3 {Maghsoodloo,P (2697)-Nakamura,H (2816) chess.com INT 2025 ½-½ (77)}) 7. Ng1 O-O 8. Qc2 Re8 9. Ne2 Ne5 10. Nxf6+ Bxf6 11. Nc3 d5 12. cxd5 Bf5 13. Nxe4 Bh4 14. Qa4 Qxd5 15. Nc3 Qd8 16. d4 Nd3+ 17. Bxd3 Bxd3 18. Bd2 b5 19. Qb3 Qxd4 20. O-O-O Qc5 21. g3 Bc4 22. Qc2 Bf6 23. Kb1 a5 24. f3 Rad8 25. Ka1 b4 26. Ne4 Rxe4 27. Qxe4 Bd3 28. Rc1 Qxc1+ 29. Bxc1 Bxe4 30. fxe4 bxa3 31. h4 h5 32. Rf1 Be5 33. Rg1 f6 0-1

[Event "Sinquefield Cup 7th"]
[Site "Saint Louis"]
[Date "2019.08.17"]
[Round "1"]
[White "Carlsen, Magnus"]
[Black "Giri, Anish"]
[Result "1/2-1/2"]
[WhiteElo "2882"]
[BlackElo "2779"]
[PlyCount "72"]
[EventDate "2019.08.17"]
[EventType "tourn"]
[EventRounds "11"]
[EventCountry "USA"]
[EventCategory "22"]
[SourceTitle "CBM 192"]
[Source "ChessBase"]
[SourceDate "2019.10.31"]
[SourceVersion "1"]
[SourceVersionDate "2019.10.31"]
[SourceQuality "1"]

1. c4 Nf6 2. Nc3 e5 3. Nf3 Nc6 4. e4 Bb4 5. d3 d6 6. Be2 Bg4 7. a3 Bc5 8. b4 Bb6 9. Be3 Bxf3 10. Bxf3 Nd4 11. Na4 Nxf3+ 12. Qxf3 Bxe3 13. Qxe3 O-O 14. O-O Re8 ({RR} 14... c6 15. d4 Ng4 16. Qg3 Nf6 17. Qe3 Ng4 18. Qg3 Nf6 19. Qe3 Ng4 {½-½ (19) Iturrizaga Bonelli,E (2576)-Bacrot,E (2635) Linares ESP 2025}) ({RR} 14... c6 15. d4 exd4 16. Qxd4 Re8 17. f3 Re6 18. Rfd1 Qe7 19. Nc3 a6 20. Rd2 b5 21. Rad1 bxc4 22. Qxc4 d5 23. Qc5 dxe4 24. Qxe7 Rxe7 25. Rd8+ Re8 26. Rxa8 Rxa8 27. fxe4 a5 28. bxa5 Kf8 29. e5 {Abdusattorov,N (2661)-Giri,A (2761) Chess.com INT 2022 0-1 (46)}) 15. Nc3 a5 16. b5 c6 17. Rab1 $146 ({RR} 17. bxc6 bxc6 18. Rab1 d5 19. cxd5 cxd5 20. Nb5 Rc8 21. Rfc1 Qd7 22. a4 h6 23. f3 dxe4 24. dxe4 Rxc1+ 25. Rxc1 Rc8 26. Rxc8+ Qxc8 27. Qc3 Qxc3 28. Nxc3 Kf8 29. Nb1 Nd7 30. Nd2 Nb6 31. Nb3 Nxa4 {Romanov,E (2570)-Cheparinov,I (2685) Ankara 2022 ½-½ (32)}) ({RR} 17. bxc6 bxc6 18. Rab1 d5 19. cxd5 cxd5 20. Nb5 Rc8 21. Rfc1 Qd7 22. a4 h6 23. f3 dxe4 24. dxe4 Rxc1+ 25. Rxc1 Rc8 26. Rxc8+ Qxc8 27. Qc3 Qxc3 28. Nxc3 Kf8 29. Nb1 Nd7 30. Nd2 Nb6 31. Nb3 Nxa4 {Romanov,E (2570)-Cheparinov,I (2685) Ankara 2022 ½-½ (32)}) 17... d5 18. Na4 Qe7 19. bxc6 bxc6 20. cxd5 cxd5 21. Nb6 Rad8 22. Rb5 Qxa3 23. exd5 e4 24. dxe4 Qxe3 25. fxe3 Rxe4 26. Rxa5 Rb4 27. Ra8 Rxa8 28. Nxa8 Nxd5 29. Rd1 Rb8 30. Rxd5 Rxa8 31. Kf2 Kf8 32. Kf3 h6 33. Kf2 Ra2+ 34. Kf3 Ra8 35. Kf2 Ra2+ 36. Kf3 Ra8 1/2-1/2

[Event "Olympiad-37"]
[Site "Turin"]
[Date "2006.05.30"]
[Round "9"]
[White "Ghaem Maghami, Ehsan"]
[Black "Carlsen, Magnus"]
[Result "1/2-1/2"]
[WhiteElo "2584"]
[BlackElo "2646"]
[PlyCount "47"]
[EventDate "2006.05.21"]
[EventType "team-swiss"]
[EventRounds "13"]
[EventCountry "ITA"]
[SourceTitle "CBM 113"]
[Source "ChessBase"]
[SourceDate "2006.07.31"]
[SourceVersion "1"]
[SourceVersionDate "2006.07.31"]
[SourceQuality "1"]
[WhiteTeam "Iran"]
[BlackTeam "Norway"]
[WhiteTeamCountry "IRI"]
[BlackTeamCountry "NOR"]

1. c4 e5 2. Nc3 Nf6 3. Nf3 Nc6 4. d3 Bb4 5. Bd2 O-O 6. e3 d5 7. cxd5 Nxd5 8. Qc2 Nxc3 9. Bxc3 Qe7 10. Be2 Bf5 11. O-O e4 12. dxe4 Bxe4 13. Qb3 Rfd8 $146 ({RR} 13... Rad8 14. Rfd1 Bxc3 15. Qxc3 Rxd1+ 16. Rxd1 Rd8 17. a3 Rxd1+ 18. Bxd1 Qd6 19. Be2 h6 20. Nd2 Bd5 21. f3 Qe5 22. Qxe5 {½-½ (22) Cyborowski,L (2524)-Nyback,T (2572) Germany 2016}) 14. Rfd1 Bxc3 15. Qxc3 Nb4 16. a3 Nd5 17. Qe5 Qxe5 18. Nxe5 Nb6 19. Rac1 c6 20. f3 Bd5 21. e4 Bb3 22. Rd3 Rxd3 23. Nxd3 Na4 24. Kf2 1/2-1/2

[Event "FIDE Chess.com Grand Swiss"]
[Site "Douglas"]
[Date "2019.10.19"]
[Round "9"]
[White "Carlsen, Magnus"]
[Black "Caruana, Fabiano"]
[Result "1/2-1/2"]
[WhiteElo "2876"]
[BlackElo "2812"]
[PlyCount "50"]
[EventDate "2019.10.10"]
[EventType "swiss"]
[EventRounds "11"]
[EventCountry "IOM"]
[SourceTitle "CBM 193"]
[Source "ChessBase"]
[SourceDate "2019.12.31"]
[SourceVersion "1"]
[SourceVersionDate "2019.12.31"]
[SourceQuality "1"]

1. c4 e5 2. Nc3 Nf6 3. Nf3 Nc6 4. e4 Bc5 5. Nxe5 Nxe5 6. d4 Bb4 7. dxe5 Nxe4 8. Qf3 Nxc3 9. bxc3 Ba5 10. Bf4 O-O 11. O-O-O Qe7 12. Kb2 Rb8 13. Bd3 b5 14. cxb5 Bb7 15. Qh3 g6 16. Qe3 Rfe8 17. Rhe1 Bc6 $146 ({RR} 17... a6 18. Bg5 Qf8 19. Bh6 Qe7 20. Bg5 Qf8 21. Bh6 Qe7 22. Bg5 {½-½ (22) Batsiashvili,N (2422)-Dzagnidze,N (2502) Batumi 2019}) 18. a4 a6 19. Bg5 Bxc3+ 20. Kxc3 Qa3+ 21. Kd2 Qb4+ 22. Ke2 Qg4+ 23. Kd2 Qb4+ 24. Ke2 Qg4+ 25. Kd2 Qb4+ 1/2-1/2

[Event "World-ch Carlsen-Caruana"]
[Site "London"]
[Date "2018.11.21"]
[Round "9"]
[White "Carlsen, Magnus"]
[Black "Caruana, Fabiano"]
[Result "1/2-1/2"]
[WhiteElo "2835"]
[BlackElo "2832"]
[Annotator "Navara,David"]
[PlyCount "112"]
[EventDate "2018.11.09"]
[EventType "match"]
[EventRounds "12"]
[EventCountry "GBR"]
[SourceTitle "CBM 187"]
[Source "ChessBase"]
[SourceDate "2018.12.11"]
[SourceVersion "1"]
[SourceVersionDate "2018.12.11"]
[SourceQuality "1"]

{While the Women’s World Championship Cycle is going to imitate the overall World Championship, it might also hold the other way around. After eight rounds, there remained four games and an eventual tie-break to be played to determine the winner. The finale of the Women’s World Championship looks quite similar in this respect, doesn’t it? The match has been quite tense, both players have been fighting hard and it is therefore surprising that all the games finished in draws. This shows high class of both players as well as their superb defensive abilities. Moreover, the permanent progress of the opening theory makes it increasingly difficult to achieve an advantage with White against a well-prepared opponent. We all have probably hoped to see more decisive games, but it is really very hard to beat a 2800-rated player.} 1. c4 e5 2. Nc3 Nf6 3. Nf3 Nc6 4. g3 d5 5. cxd5 Nxd5 6. Bg2 Bc5 {This is currently the most fashionable continuation. It had been played by club players many times before GM Grischuk introduced it to a top level.} 7. O-O ({White could win a pawn by means of} 7. Nxe5 Nxc3 8. Bxc6+ (8. bxc3 Nxe5 9. d4 Bd6 $11) 8... bxc6 9. bxc3 {, but Black would get an ample compensation after} (9. dxc3 Qxd1+ 10. Kxd1 Bxf2 11. Rf1 Bc5 12. Rxf7 Bd6 13. Rf3 Bxe5 14. Re3 O-O $1 15. Rxe5 Rf1+ {should be fine for Black as well according to GM Marin and IM Stoica (NIC Yearbook 125).}) 9... Qd5 10. Nf3 Bh3 {owing to his better development.}) 7... O-O 8. d3 ({A funny-looking continuation} 8. Nxd5 Qxd5 9. Ng5 Qd8 10. Nxh7 Re8 11. Ng5 Qxg5 12. d4 Qh5 13. dxc5 Rd8 14. Bd2 Nd4 {gives Black a decent counterplay according to GM Marin and IM Stoica.}) (8. Nxe5 Nxc3 9. Nxc6 $2 {is not to be recommended in view of} Nxd1 10. Nxd8 Bxf2+ $1 11. Kh1 Bg4 $1 {.}) 8... Re8 {This variation has already been played in the 4th round.} ({A bishop retreat} 8... Bb6 {is equally playable, but it enables White to play b2-b4 in certain lines.}) 9. Bg5 $5 {This motif has been known from the Sicilian Dragon (with reversed colours).} Nxc3 ({It it also possible to play} 9... Nde7 {, but retreating the centralized knight contradicts the spirit of this variation (if there is any).}) ({Black would like to play} 9... f6 $6 {, but it allows} 10. Qb3 Be6 11. Qxb7 {, when White seems to be better, e.g.} Ndb4 $6 12. Qb5 $1 {and the queen escapes.}) 10. bxc3 f6 11. Bc1 {If any piece belongs to d2, it is the knight. Black players have been doing very well in this match. Magnus therefore sort of "switched colours" by losing time with his bishop. Well, he has slightly improved his pawn structure in return. Black can no longer claim the d4-square.} Be6 {Pushing e5-e4 with an undeveloped queenside would be clearly inferior to this healthy developing move.} 12. Bb2 ({RR} 12. Nd2 Qd7 13. a4 Rad8 14. Nb3 Bf8 15. Be3 b6 16. Re1 a5 17. Qc2 h5 18. Nd2 Ne7 19. Nf3 Nf5 20. Bc1 Bc5 21. Bb2 Qf7 22. e4 Bb3 23. Qc1 Ne7 24. d4 exd4 25. cxd4 Bb4 26. Re3 Qc4 {Vakhidov,J (2571)-Paravyan,D (2608) chess.com INT 2024 1-0 (58)}) 12... Bb6 ({Here my computer likes} 12... e4 $5 {for some reason.} 13. Nd4 (13. dxe4 Qxd1 14. Rfxd1 Bc4 15. e3 Rad8 {gives Black a good compensation owing to White's queenside weaknesses.}) 13... Nxd4 14. cxd4 Bxd4 15. Bxd4 Qxd4 16. Bxe4 c6 ({or even} 16... Bd5 17. e3 Qe5 {should not be too dangerous for Black.})) ({I expected} 12... Qe7 {, when} 13. d4 {allows Black to play} Rad8 {.}) 13. d4 Bd5 {Black neutralizes White's kingside bishop.} 14. Qc2 $146 ({RR} 14. e3 Na5 15. Qc2 Nc4 16. Rfd1 e4 17. Nd2 Qe7 18. Bf1 Qf7 19. Nxc4 Bxc4 20. Bxc4 Qxc4 21. Qb3 Qxb3 22. axb3 c5 23. d5 Kf7 24. c4 Bc7 25. d6 Bb6 26. Rd5 Re6 27. Ba3 Ke8 28. d7+ Kd8 {Ding,L (2805)-So,W (2770) Chess.com INT 2020 ½-½}) ({RR} 14. e3 Na5 15. Qc2 Nc4 16. Rfd1 e4 17. Nd2 Qe7 18. Bf1 Qf7 19. Nxc4 Bxc4 20. Bxc4 Qxc4 21. Qb3 Qxb3 22. axb3 c5 23. d5 Kf7 24. c4 Bc7 25. d6 Bb6 26. Rd5 Re6 27. Ba3 Ke8 28. d7+ Kd8 {Ding,L (2805)-So,W (2770) Chess.com INT 2020 ½-½}) 14... exd4 15. cxd4 Be4 16. Qb3+ Bd5 ({The endgame arising after} 16... Qd5 17. Qxd5+ Bxd5 18. e3 {is somewhat more pleasant for White. Not much, but it is hard to achieve more, nowadays.}) 17. Qd1 {Magnus played quickly up to this moment. I like his opening choice. This seemingly unambitious variation with few long forced lines gives him decent chances to outplay his opponent in the subsequent course of the game. The b6-bishop might remain out of play after e2-e3, Nf3-d2. True, Fabiano Caruana is quite hard to be outplayed.} (17. Qc2 Be4 {would not be very inspiring.}) 17... Bxf3 $6 {Watching the game, I also considered this move. It is a logical and straightforward one. While it is certainly not bad, it leads to a position where White can play for the win without any risk.} ({I like} 17... Qd7 {. Black can complete his development and play Na5, c5 later on.}) (17... Na5 $5 {was another option.}) 18. Qb3+ {This limits Black's options.} (18. Bxf3 Nxd4 19. Bxd4 Qxd4 20. Qb3+ Kh8 {is a mere transposition} ({, while} 20... Kf8 $5 {was not possible in the game.})) 18... Kh8 19. Bxf3 Nxd4 20. Bxd4 Qxd4 21. e3 $1 Qe5 {Black would like to exchange the queens, but it is not that simple.} (21... Qd6 22. Bxb7 Rab8 {is also slightly better for White after} 23. Rad1 Qf8 24. Bc6 {, as} Bxe3 $2 {loses an exchange after almost any queen retreat.}) 22. Bxb7 Rad8 23. Rad1 $14 {White has achieved a small but stable advantage. His king is safer and his bishop is more active than its counterpart. He should keep the queens on the board to maintain attacking chances. Magnus Carlsen has already won many equal-looking positions with rooks and opposite-coloured bishops on the board. On the other hand, Black's position is quite solid and the drawing margin is quite broad unless White launches a mating attack. Black can sometimes sacrifice a pawn to exchange the major pieces and achieve a drawish bishop endgame.} Qe7 24. h4 $1 {White needs to weaken his opponent's king.} g6 25. h5 $6 (25. Bc6 {looks better in hindsight, but Black's defensive resources should be sufficient anyway. Still, some accuracy is needed, as} Rxd1 $6 26. Rxd1 Rd8 27. Rxd8+ Qxd8 28. Qf7 {would be fairly unpleasant for Black.}) 25... gxh5 $1 {A brave decision. Instead of defending an inferior position after 25...Kg7, Black launches counterplay. GM Mihail Marin has recently written an article on such an unexpected recapture for a German magazine "Schach".} ({White would keep his trumps after} 25... Kg7 26. Bf3 $14 {.}) 26. Qc4 f5 $1 {Another good move. Black prepares h5-h4, after which both kings would be equally weak. Black has equalized, but the fight continues.} 27. Bf3 h4 28. Rxd8 Rxd8 29. gxh4 Rg8+ 30. Kh1 Qf6 31. Qf4 Bc5 $1 {The bishop joins the play.} 32. Rg1 Rxg1+ ({It was safer to play} 32... Bd6 33. Rxg8+ Kxg8 {, as the h4-pawn would then be hanging with check in many lines. Still, Black's continuation does not spoil anything.}) 33. Kxg1 Bd6 34. Qa4 {Fabiano Caruana was a bit short of time, but he kept everything under control.} f4 $1 35. Qxa7 fxe3 36. Qxe3 Qxh4 {All Black needs to do is to exchange the queens without losing the pawns.} 37. a4 Qf6 38. Bd1 Qe5 {The bishop endgame is drawn.} 39. Qxe5+ Bxe5 40. a5 Kg7 41. a6 Bd4 42. Kg2 Kf6 43. f4 Bb6 44. Kf3 h6 {Black does not advance his pawns to far to be able to protect them. Watching this endgame, I recalled an important game Aronian - Bacrot from the World Cup 2005 semifinal, where Black gave up in a similar position without his c-pawn and with White's bishop on h3 and pawn on f5. It looks like a dream scenario for White, but the final position of that game was still drawn! Needless to say, White cannot achieve it now.} 45. Ke4 Ba7 46. Bg4 {From here White's bishop blocks the h-pawn and protects the f4-pawn. White can win a bishop for the a-pawn, but then Black's c-pawn could run forward to save a draw (at least).} Bg1 47. Kd5 Bb6 48. Kc6 Be3 {The c7-pawn can also be protected indirectly. There is nothing to be done.} 49. Kb7 Bb6 50. Bh3 Be3 51. Kc6 Bb6 52. Kd5 Ba7 53. Ke4 Bb6 54. Bf1 Ke6 55. Bc4+ Kf6 56. Bd3 Ke6 1/2-1/2